000 00478nam a2200181Ia 4500
008 230917s9999||||xx |||||||||||||| ||und||
020 _cRS2545
040 _e251390
_aMAIN
041 _aEnglish
082 _a346.022 M91I(15)
100 _aPollock, Frederick
245 0 _aIndian contract act, 1872
250 _a15th ed.
260 _aGurgaon
_bLexix Nexis
_c2018
300 _acccli, 1816 p.
500 _a3585 19/08/2019 HBD18/7562 05/12/2018 Main Budget
942 _cBK
999 _c32550
_d32550